Quizzes
Events
Quiz Creation
Community
Videos
Private Events
Remove Ads
Sign In
Join for FREE
Feedback
Dark Mode
Quiz Categories
Sports
Geography
Music
Movies
Television
Just For Fun
Miscellaneous
History
Literature
Language
Science
Gaming
Entertainment
Religion
Holiday
For Kids
Quiz Lab
Recent
Popular Today
Quiz Kudos Today
Editor Picks
Curator Picks
Quizzes by...
Day
Popularity
Type
Ratings
Length
Year
Community
Subscriptions
Recent Discussions
Orange Saloon
Badges
Playlists
Quests
Create
Leaderboards
Showdown
Live 5
Trivia Bingo
Activity
Puzzle Library
Sporcle Events
Private Events
Virtual Trivia
Globe League
Become a Host
Pub Owners
SporcleCon
Opinionation
Our Games
Videos
Blog
Mobile Apps
Partnerships
Remove Ads and Go Orange
Feedback
Geography
Country
Landmarks
City
State
Population
World
Capital
Continent
Flags
Europe
Africa
Asia
South America
North America
Oceania
Border
Canada
United Kingdom
Topography
United States
Geography
Country
Landmarks
City
State
Population
World
Capital
Continent
Flags
Europe
Africa
Asia
South America
North America
Oceania
Border
Canada
United Kingdom
Topography
United States
Random Quiz
Search Sporcle
×
Quiz Lab
Quiz Lab
Geography
City
Type in answers that appear in a list
Type in answers that appear in a list
Classic
Best Score? Go Orange.
Europe's 3rd cities Stats
Can you name the 3rd largest city in each European country?
By
bart122333
10m
46 Questions
558 Plays
558 Plays
558 Plays
Comments
Comments
Give Quiz Kudos
Give Quiz Kudos
-
- Ratings
hide this ad
More Info
Forced Order
Answers have to be entered in order
Answers have to be entered in order
Random Order
Randomize order of answers
Randomize order of answers
Replay
Link that replays current quiz
Next Quiz
Link to next quiz in quiz playlist
You Got
0%
They Got
Avg Score
33%
Avg Friend Score
Upgrade to see
Score Distribution
Jump to the score distribution portion of the page
Score
0/46
Timer
10:00
0
Plays Today
Country
City
% Correct
Germany
Munich
83.7%
United Kingdom
Glasgow
83.2%
Italy
Naples
82.1%
France
Lyon
81.2%
Spain
Valencia
78.7%
Netherlands
The Hague
72.8%
Poland
Kraków
69.5%
Sweden
Malmö
66.5%
Switzerland
Basel
59.5%
Turkey
Izmir
58.2%
Belgium
Ghent
57.7%
Norway
Trondheim
53.6%
Austria
Linz
53%
Czech Republic
Ostrava
43.9%
Denmark
Odense
43.4%
Finland
Tampere
43.4%
Ukraine
Dnipropetrovsk
43.4%
Ireland
Galway
42.7%
Russia
Novosibirsk
42.7%
Romania
Cluj-Napoca
40.9%
Bulgaria
Varna
37.8%
Serbia
Novi Sad
33.3%
Croatia
Rijeka
30.1%
Country
City
% Correct
Lithuania
Klaipėda
23.8%
Estonia
Narva
18.5%
Cyprus
Larnaca
18.1%
Latvia
Liepāja
14.5%
Portugal
Amadora
13.6%
Macedonia
Bitola
13.4%
Slovenia
Celje
12.7%
Luxembourg
Dudelange
12.5%
Moldova
Bălţi
11.1%
Slovakia
Prešov
10.8%
Iceland
Hafnarfjörður
10.6%
Bosnia and Herzegovina
Zenica
9.3%
Andorra
Encamp
8.4%
Albania
Elbasan
8.1%
Greece
Piraieus
7.7%
Malta
Mosta
7.2%
Liechtenstein
Triesen
6.8%
Montenegro
Cetinje
4.3%
Monaco
La Condamine
3.4%
Belarus
Mahilyow
2.2%
Kosovo
Mitrovicë
2.2%
Hungary
Nagyvárad
0.9%
San Marino
Acquaviva
0.7%
Quiz Playlist
Details
Report
Send in Message
Add To Playlist
More Info:
Vatican City doesn't have a 3rd city, so it's not included.
Classic:
Type in answers that appear in a list
Forced Order:
Answers have to be entered in order
Random Order:
Randomize order of answers
Last Updated: Feb 19, 2019
Quiz Scoreboard
CHALLENGE
Sign Up to Join the Scoreboard
Show All
Scores
Hide
Comments
May contain spoilers
Recently Published
Popular People in 1961
by mucciniale
History
6m
1-10 Letter E Words III
by El_Dandy
Language
2m
One Thing in Common: World Cities II
by knightlancer
Geography
7m
More to Explore
Quiz From the Vault
Featured Blog Post
Where Did the Easter Bunny Come From?
hide this ad
You Might Also Like...
Tags
City Quiz
Europe Quiz
Today's Top Quizzes in Geography
Browse Geography
hide this ad
Today's Top Quizzes in City
Browse City
Top Contributed Quizzes in Geography
1
Countries of the World - No Outlines Minefield
2
Top 25 Cities of France on a map
3
African Flag Reveal XLV
4
Closest Countries to UK A-Z
5
Blind Secret Country CLXXXVIII
6
Find the US States - No Outlines
7
One Thing in Common: Asia
8
One Thing in Common: United Kingdom
9
One Thing in Common: Geography
10
One Thing in Common: Around the World
Explore More
Trending Topics
Disney
Kpop
Harry Potter
NBA
Marvel
Anime
Crossword
NFL
The Office
Song
WWE
Country
Pokémon
Soccer
Puzzle
hide this ad
More By:
bart122333
Quiz
Plays
Rating
Category
Featured
Created
Europe's 3rd cities
558
2.93
Geography
Sep 8, 2010
Most Globalized Countries (2010 UPDATE)
546
3.64
Geography
Jun 15, 2010
Europe's 5th cities (VERY HARD)
461
4.29
Geography
Aug 6, 2010
Exports Per Capita
309
4.14
Geography
Jun 12, 2010
Busiest Belgian Train Stations
290
3.00
Geography
Jun 9, 2010
Go to Creator's Profile
Score Distribution
Quiz Creator Spotlight
bart122333
Follow
Send a Message
Quizzes Created
-
Created Quiz Play Count
-
More By This Creator
Popular Quizzes Today
1
Find the US States - No Outlines Minefield
2
The Countries of the World
3
Find the Countries of Europe - No Outlines Minefield
4
Popular People in 1961
5
1-10 Letter E Words III
6
Find the US States
7
One Thing in Common: World Cities II
8
US States
More Geography Quizzes
Europe by Any 2-Letter Combos Blitz
Published
Trending Quizzes
Risky Map Clicking: Least Populous States A-Z
1-10 Letter F Words
1-10 Letter G Words
One Thing in Common: United Kingdom
Risky Map Clicking: Next State Alphabetically
Recently Updated
Leaping Animals
pecheneg
Reality TV Shows (A-Z)
bhenderson79
Rickey Henderson's Hall of Fame Teammates
pecheneg
Champions League XIs: Arsenal
pecheneg
Quick Pick: Celebrities in WWE's Hall of Fame
aduchscher
A-Z Keypad Blitz II
pecheneg
Multiple Oscar Actors
pecheneg
Mystery Phrase Blitz: Oscar 'Best Actors'
pecheneg
F. Scott Fitzgerald Novels
LTH
Pick 3 Villains
ddd62291
Trending Topics
Harry Potter
Disney
Kpop
Anime
NBA
Crossword
Marvel
WWE
The Office
Soccer
Country
Song
Puzzle
Pokémon
NFL
Your Account Isn't Verified!
In order to create a playlist on Sporcle, you need to verify the email address you used during registration. Go to your
Sporcle Settings
to finish the process.
Report this User
Report this user for behavior that violates our
Community Guidelines
.
Details:
Send Report
Go to the Sporcle.com Mobile Site →
Comments